Central Library OPAC University of Rajshahi

লেটস ট্রাই টু অ্যানসার ইয়োর বার্নিং কোয়েশ্চন / (Record no. 84261)

MARC details
000 -LEADER
fixed length control field 00838nam a2200229 a 4500
001 - CONTROL NUMBER
control field 84261
003 - CONTROL NUMBER IDENTIFIER
rucl marc code BD-RjUL
005 - DATE AND TIME OF LATEST TRANSACTION
control field 20241107121948.0
008 - FIXED-LENGTH DATA ELEMENTS--GENERAL INFORMATION
fixed length control field 241107s2024 bg ||||| |||| 00| 0 eng d
020 ## - INTERNATIONAL STANDARD BOOK NUMBER
International Standard Book Number 9789849777113
035 ## - SYSTEM CONTROL NUMBER
System control number (BD-RjUL)84261
040 ## - CATALOGING SOURCE
Original cataloging agency BD-RjUL
Language of cataloging eng
Transcribing agency BD-RjUL
041 ## - LANGUAGE CODE
Language code of text/sound track or separate title ben
082 ## - DEWEY DECIMAL CLASSIFICATION NUMBER
Classification number 500
Author mark and year ARL 2024
100 ## - MAIN ENTRY--PERSONAL NAME
Personal name আরিফ, হোসাইন মুহাম্মদ
9 (RLIN) 14167
245 ## - TITLE STATEMENT
Title লেটস ট্রাই টু অ্যানসার ইয়োর বার্নিং কোয়েশ্চন /
Statement of responsibility, etc. হোসাইন মুহাম্মদ আরিফ
260 ## - PUBLICATION, DISTRIBUTION, ETC. (IMPRINT)
Place of publication, distribution, etc. ঢাকা :
Name of publisher, distributor, etc. অর্জন প্রকাশন,
Date of publication, distribution, etc. ২০২৪
300 ## - PHYSICAL DESCRIPTION
Pagination ২২৩ পৃ.;
Size ২২ সেমি.
650 ## - SUBJECT ADDED ENTRY--TOPICAL TERM
Topical term or geographic name as entry element বিজ্ঞান
Topical term or geographic name as entry element Science
942 ## - ADDED ENTRY ELEMENTS (KOHA)
Source of classification or shelving scheme Dewey Decimal Classification
Koha item type Books
Holdings
Lost status Source of classification or shelving scheme Damaged status Not for loan Collection code Permanent Location Current Location Shelving location Date acquired Source of acquisition Cost, normal purchase price Full call number Date last seen Copy number Koha item type Total Checkouts
  Dewey Decimal Classification   Not For Loan Non-fiction Central Library, University of Rajshahi Central Library, University of Rajshahi Reading Room 04/11/2024 Author 550.00 B 500 ARL 2024 07/11/2024 C-1 Books  
  Dewey Decimal Classification     Non-fiction Central Library, University of Rajshahi Central Library, University of Rajshahi General Stacks 04/11/2024 Author 550.00 B 500 ARL 2024 07/11/2024 C-2 Books